The beautiful India Tamil Nadu / (Record no. 134669)

MARC details
000 -LEADER
fixed length control field 00816nam a22002537a 4500
003 - CONTROL NUMBER IDENTIFIER
control field dpl
005 - DATE AND TIME OF LATEST TRANSACTION
control field 20180701141300.0
008 - FIXED-LENGTH DATA ELEMENTS--GENERAL INFORMATION
fixed length control field 180522b xxu||||| |||| 00| 0 eng d
010 ## - LIBRARY OF CONGRESS CONTROL NUMBER
LC control number B-217638
020 ## - INTERNATIONAL STANDARD BOOK NUMBER
Terms of availability 925.00
International Standard Book Number 8188583723003
035 ## - SYSTEM CONTROL NUMBER
System control number B-217638, B-217643, B-217639
037 ## - SOURCE OF ACQUISITION
Source of stock number/acquisition Cen Lib/Ret
040 ## - CATALOGING SOURCE
Original cataloging agency DPL
Language of cataloging EN
Transcribing agency 0
082 ## - DEWEY DECIMAL CLASSIFICATION NUMBER
Classification number 954.31
Item number BEA
245 ## - TITLE STATEMENT
Title The beautiful India Tamil Nadu /
Statement of responsibility, etc edited by S.A. Rahman
260 ## - PUBLICATION, DISTRIBUTION, ETC. (IMPRINT)
Place of publication, distribution, etc New Delhi
Name of publisher, distributor, etc Reference Press
Date of publication, distribution, etc 2005
270 ## - ADDRESS
Address 4831/24, Ansari Road Darya Ganj
City New Delhi
Postal code 110002
300 ## - PHYSICAL DESCRIPTION
Extent 418p.
Dimensions 21cm(Hb)
500 ## - GENERAL NOTE
General note Includes bibliographical reference
650 ## - SUBJECT ADDED ENTRY--TOPICAL TERM
Topical term or geographic name as entry element Hindu architecture
Chronological subdivision India
9 (RLIN) 41360
650 ## - SUBJECT ADDED ENTRY--TOPICAL TERM
Topical term or geographic name as entry element Economic and Social aspects
9 (RLIN) 41361
700 ## - ADDED ENTRY--PERSONAL NAME
9 (RLIN) 32298
Personal name Rahman, S.A.
942 ## - ADDED ENTRY ELEMENTS (KOHA)
Source of classification or shelving scheme Dewey Decimal Classification
Koha item type English Books
Classification part 954.31
Call number suffix BEA
Holdings
Withdrawn status Lost status Damaged status Not for loan Collection code Home library Current library Date acquired Source of acquisition Cost, normal purchase price Total Checkouts Full call number Barcode Date last seen Copy number Cost, replacement price Price effective from Koha item type Source of classification or shelving scheme Date checked out
      Not For Loan Reference Central Library Central Library 30/07/2015 Cen Lib/Ret 925.00   954.31 BEA B-217638 30/07/2015 1 925.00 30/07/2015 English Books    
        Non-fiction Patel Nagar Patel Nagar 01/07/2018 BPPD/Pub 925.00   954.31 BEA B-217639 01/07/2018 1 925.00 01/07/2018 English Books Dewey Decimal Classification  
        Non-fiction Shahdara Branch Shahdara Branch 22/05/2018 BPPD/PUB 925.00 1 954.31 BEA B-217643 05/07/2022   925.00 22/05/2018 English Books Dewey Decimal Classification 20/06/2022

© Delhi Public Library
Hit Counter
free hit counter